Statistics for F1 Podiums 1954

Click here to take the quiz!

General Stats

  • This quiz has been taken 77 times
  • The average score is 11 of 18

Answer Stats

Answer% Correct
Alberto Ascari / Jean Behra / Juan Manuel Fangio / Jose Froilan Gonzalez / Mika Hawthorn / Onofre Marimon / Stirling Moss
100%
Juan Manuel Fangio
100%
Alberto Ascari
90%
Giuseppe Farina
90%
Jose Froilan Gonzalez
83%
Jose Froilan Gonzalez / Mike Hawthorn
83%
Umberto Maglioli / Jose Froilan Gonzalez
83%
Mike Hawthorn
80%
Stirling Moss
80%
Bill Vukovich
63%
Onofre Marimon
60%
Maurice Trintignant
47%
Luigi Musso
43%
Karl Kling
33%
Hans Herrmann
30%
Jimmy Bryan
27%
Robert Manzon
13%
Jack McGrath
10%

Score Distribution

Percentile by Number Answered

Percent of People with Each Score

Your Score History

You have not taken this quiz